Ru jia si xiang tan yuan,

Saved in:
Bibliographic Details
Main Author: Chang, Yansheng, 1898-1947.
Format: Book
Language:Chinese
Published: Jiulong, Hai tian tu shu gong si, 1962.
Subjects:
Tags: Add Tag
No Tags, Be the first to tag this record!
LEADER 00740cam a2200229 4500
001 007724178-9
005 20024617104250.0
008 890719s1962 hk 000 0 chi
010 |a c 63001357 /L 
035 0 |a ocm20033312 
040 |a DLC  |c CLU  |d *YNH*  |d CStRLIN 
050 0 |a BL1851  |b .C52 1962 
100 1 |6 880-01  |a Chang, Yansheng,  |d 1898-1947. 
245 1 0 |6 880-02  |a Ru jia si xiang tan yuan,  |c Chang Yansheng zhu. 
260 |6 880-03  |a Jiulong,  |b Hai tian tu shu gong si,  |c 1962. 
300 |a 48 p.  |c 18 cm. 
650 0 |a Confucius and Confucianism. 
880 1 |6 100-01  |a 常燕生,  |d 1898-1947. 
880 1 0 |6 245-02  |a 儒家思想探源,  |c 常燕生著. 
880 |6 260-03  |a 九龍,  |b 海天圖書公司,  |c 1962. 
988 |a 20021127 
906 |0 DLC